Oklahoma! Quiz Stats

 Plays Quiz not verified by Sporcle

Challenge
Share
Tweet
Embed
Score 0/23 Timer 04:00
0 Plays Today
% Correct
Tulsa
98.4%
Tulsa
98.4%
Oklahoma
98.1%
Oklahoma City
96.5%
Oklahoma State
94%
Cherokee
82.7%
Norman
81.8%
35
74.5%
40
72.6%
44
65.4%
Choctaw
63.5%
Creek
62.9%
% Correct
Lawton
62.3%
Edmond
61.6%
Broken Arrow
61.3%
Seminole
59.7%
Oral Roberts
58.5%
Chickasaw
51.6%
Brad Henry
50.9%
Frank Keating
39%
George Nigh
15.7%
David Walters
14.5%
Henry Bellmon
12.9%

You're not logged in!

Compare scores with friends on all Sporcle quizzes.
OR
Log In

You Might Also Like...

Show Comments

Extras

Created Dec 26, 2009ReportNominate
Tags:oklahoma, place

Top Quizzes Today


Score Distribution

Your Account Isn't Verified!

In order to create a playlist on Sporcle, you need to verify the email address you used during registration. Go to your Sporcle Settings to finish the process.

Report this User

Report this user for behavior that violates our Community Guidelines.

Details: